LDR 01061naa#a2200229#i#450# 001 EN\\bibl\120108 005 20260605031346.5 011 ## _a2500-4026 100 ## _a20220630b2022####ek#y0engy0150####ca 101 0# _aRUS 102 ## _aRU 200 1# _aMETHODS OF USING UNMANNED AERIAL VEHICLES TO CONTROL THE FIRE AND EXPLOSION SAFETY OF OIL AND GAS PIPELINES _eJournal article 210 1# _aZheleznogorsk _cFSBEE HE Siberian Fire and Rescue Academy EMERCOM of Russia _d2022 215 ## _a4 с. 608 ## _aJournal article _2local 675 ## _aЛетательные аппараты тяжелее воздуха. 623.746 _aХарактер пожара, причины, процесс. 614.841 _aОбщие вопросы стрельбы. Теория артиллерии. Баллистика. Теоретические и экспериментальные вопросы и т.д.. 623.5 _zRUS 700 #1 _aKalach _gA V 700 #1 _aSysoeva _gT P 700 #1 _aKalach _gE V 700 #1 _aKrutolapov _gA S 700 #1 _aMartinovich _gN V 856 4# _aapbt-sibpsa.editorum.ru _u